000 01283nam a22002417a 4500
005 20251215124645.0
008 231222s2020 xxk|||||o|||| 00| 0 eng d
041 _aeng
110 _aRoyal Institution of Chartered Surveyors
245 _aRICS Regulatory Tribunal Practice Direction C
_h[Electronic resource]
_c[archived]
250 _aversion 1
260 _aLondon,
_bRoyal Institution of Chartered Surveyors,
_c2021
300 _a5p.
490 _aRICS Regulation
500 _aWith effect from 24 December 2021 to 23 March 2024. This replaced the Practice Direction 2 dated 1 April 2020. This Practice Direction should be considered in conjunction with RICS Regulatory Tribunal Practice Direction (Version 2 with effect from 2 March 2020).
500 _aReplaced by version 2 effective from 24 March 2024
520 _aThis Practice Direction sets out the procedure that RICS Regulatory Tribunal (‘the Tribunal’) will operate in respect of remote and hybrid hearings
650 _aPROFESSIONAL STANDARDS
651 _aInternational
710 _aRoyal Institution of Chartered Surveyors
856 _uhttps://www.rics.org/content/dam/ricsglobal/documents/regulation/rics_regulatory_tribunal_practice_direction_c.pdf
_zAvailable free on RICS.org
942 _n0
999 _c121744
_d121744